Theatrvm instrvmentorvm et machinarum Iacobi Bessoni ... /

Bibliographic Details
Main Author: Besson, Jacques, Dauphinois
Other Authors: Béroalde de Verville, 1556-
Format: Book
Language:Latin
Published: Lvgdvni : Apud Barth. Vincentium, 1578.
Subjects:

MARC

Tag First Indicator Second Indicator Subfields
LEADER 00000cam a2200000 a 4500
001 in00000015666
005 20151007052555.0
008 810601s1578 fr af 00010 lat d
035 |a (OCoLC)07467917 
035 |9 AAA8340AM 
040 |a CLE  |c CLE  |d CLU  |d TXA  |d UtOrBLW 
049 |a TXAS  |c [A09893350] 
050 4 |a TJ144  |b .B47 1578 
100 1 |a Besson, Jacques,  |c Dauphinois. 
245 1 0 |a Theatrvm instrvmentorvm et machinarum Iacobi Bessoni ... /  |c Cum Franc. Beroaldi figurarum declaratione demonstratiua. 
264 1 |a Lvgdvni :  |b Apud Barth. Vincentium,  |c 1578. 
300 |a 22 unnumbered pages, 60 leaves of plates :  |b illustrations ;  |c 40 cm. 
336 |a text  |b txt  |2 rdacontent 
337 |a unmediated  |b n  |2 rdamedia 
338 |a volume  |b nc  |2 rdacarrier 
500 |a Engraved title-page with border. 
650 0 |a Mechanical engineering  |v Early works to 1800. 
650 0 |a Machinery  |v Early works to 1800. 
700 1 |a Béroalde de Verville,  |d 1556- 
740 0 |a Theatrum instrumentorum et machinarum. 
999 |a MARS 
999 f f |s f9dd933f-f876-3c54-9827-1bb31a8f0d49  |i d5662460-5ec3-3818-9d6d-84fc027e9b4f  |t 0 
952 f f |p noncirc  |a Texas A&M University  |b College Station  |c Cushing Memorial Library & Archives  |d Cushing: Rare Books (Does not check out)  |t 0  |e TJ144 .B47 1578  |f Oversize  |h Library of Congress classification  |i unmediated -- volume  |m A14809893350 
998 f f |a TJ144 .B47 1578  |t 0  |l Cushing: Rare Books (Does not check out)